00325nam a2200121Ia 4500008004100000040001700041041001200058082002000070100002000090245005100110260003100161300001100192230917s9999||||xx |||||||||||||| ||und|| e147445aMAIN aEnglish a301.240954 Y75S aSingh, Yogendra 0aSociety change in India: Crisis and resilience aNew DelhibHar-Anandc1993 a246 p.